Visualizzazione normale
Vista MARC
- RELIGIOSO
di Topical Term
Records bibliografici associati: 1
001 - CONTROL NUMBER
- control field: 45441
003 - CONTROL NUMBER IDENTIFIER
- control field: IT-RoPau
005 - DATE AND TIME OF LATEST TRANSACTION
- control field: 20151129171740.0
008 - FIXED-LENGTH DATA ELEMENTS
- fixed length control field: 151129|| aca||aabn | a|a d
040 ## - CATALOGING SOURCE
- Original cataloging agency: IT-RoPau
- Transcribing agency: IT-RoPau
150 ## - HEADING--TOPICAL TERM
- Topical term or geographic name entry element: RELIGIOSO
- : FILMS [VHS]
- General subdivision: Codice MATERIA SPICS: 9960
670 ## - SOURCE DATA FOUND
- Source citation: Work cat.: (IT-RoPau)106163: Rossellini Roberto Codice regista SPICS: 1870 45439, MESSIA (IL) MESSIA (IL) (Rif. Codice opera principale : 29126)